000 01239ngm a22003370a 4500
001 PT16751
003 AR-LpoUNG
005 20210202000240.0
007 vd cvaizq
008 191001s1991||||ag |||||||||||||||||spa d
037 _c$11.63
040 _aAR-LpoUNG
_bspa
_cAR-LpoUNG
_eaacr
041 _aspa
082 0 _a940.27 648rev
245 1 0 _a1789 :
_bla revolución francesa
260 _as.l. :
_bVideo Saber Conocimiento Audiovisual,
_c1991.
300 _aVHS (45 min.) : son., byn, col.
520 _aEsta producción documental abarca cuatro segmentos que hacen posible la comprensión del largo proceso que se puso en movimiento con la Revolución Francesa; la toma de la bastilla, la lucha entre facciones, la ejecución de los reyes y la nobleza, y el Terror, etapas de la revolución que dio inicio a la edad contemporánea y a la era de las revoluciones.
650 4 _aANALISIS HISTORICO
650 4 _aCAMBIO SOCIAL
650 4 _aCONFLICTOS POLITICOS
650 4 _aCRISIS POLITICA
650 4 _aFRANCIA
650 4 _aHISTORIA
651 4 _aFrancia
653 _aDOCUMENTALES
653 _aVIDEOS
710 2 _aVideo Saber Conocimiento Audiovisual (firma comercial)
905 _a16751
942 _cVIDEO
999 _c54448
_d54448